ٹوٹے ہوے تارے / (Record no. 172664)
[ view plain ]
| 000 -LEADER | |
|---|---|
| fixed length control field | 00612nam a22001937a 4500 |
| 005 - DATE AND TIME OF LATEST TRANSACTION | |
| control field | 20200210152514.0 |
| 010 ## - LCCN (DPL NO) | |
| LC control number | A-645231 |
| 020 ## - INTERNATIONAL STANDARD BOOK NUMBER | |
| Terms of availability | 40.00 |
| 035 ## - SYSTEM CONTROL NUMBER | |
| System control number | A-645231 |
| 037 ## - SOURCE OF ACQUISITION | |
| Source of stock number/acquisition | BPPD/Pub. |
| 082 ## - DEWEY DECIMAL CLASSIFICATION NUMBER | |
| Classification number | 920 |
| 100 ## - MAIN ENTRY--PERSONAL NAME | |
| Personal name | شاہ محمد عثمانی |
| 245 ## - TITLE STATEMENT | |
| Title | ٹوٹے ہوے تارے / |
| Statement of responsibility, etc | شاہ محمد عثمانی |
| 246 ## - VARYING FORM OF TITLE | |
| Title proper/short title | Toote Hue Taare (Urdu) / |
| Remainder of title | by Shah Mohammed Asmani |
| 260 ## - PUBLICATION, DISTRIBUTION, ETC. (IMPRINT) | |
| Place of publication, distribution, etc | New Delhi |
| Name of publisher, distributor, etc | Asmani Publishing House |
| Date of publication, distribution, etc | 1985 ء |
| 270 ## - ADDRESS | |
| Address | 121-B Block, Zakir Nagar, Okhla Road |
| City | New Delhi |
| Postal code | 110025 |
| 300 ## - PHYSICAL DESCRIPTION | |
| Extent | 389p. |
| Dimensions | 21cm(Hb) |
| 942 ## - ADDED ENTRY ELEMENTS (KOHA) | |
| Source of classification or shelving scheme | Dewey Decimal Classification |
| Item type | Urdu Bks |
| Classification part | 920 |
| Call number suffix | ع ث م |
| Withdrawn status | Lost status | Not for loan | Collection code | Home library | Current library | Date acquired | Source of acquisition | Cost, normal purchase price | Full call number | Barcode | Copy number | Cost, replacement price | Koha item type |
|---|---|---|---|---|---|---|---|---|---|---|---|---|---|
| Non-fiction | Central Library | Central Library | 10/02/2020 | BPPD/Ven. | 40.00 | 920 ع ث م | A-645231 | 1 | 40.00 | Urdu Bks |
